Normal view
MARC view
Entry Topical Term
001 - CONTROL NUMBER
- control field: 247830
003 - CONTROL NUMBER IDENTIFIER
- control field: OSt
005 - DATE AND TIME OF LATEST TRANSACTION
- control field: 20251205125204.0
008 - FIXED-LENGTH DATA ELEMENTS
- fixed length control field: 251205|| aca||aabn | a|a d
040 ## - CATALOGING SOURCE
- Original cataloging agency: OSt
- Transcribing agency: OSt
150 ## - HEADING--TOPICAL TERM
- Topical term or geographic name entry element: Kannada Miscellaneous
670 ## - SOURCE DATA FOUND
- Source citation: Work cat.: (OSt)212804: VAliyappa (Ala) ವಾಳಿಯಪ್ಪ (ಅಲಾ) 247829, Namma nadigala kathe. Bhaga 2., 1975